000
00251nam a2200097Ia 4500
008
190216s9999||||xx |||||||||||||| ||und||
100
_a
Idasseri Sashtipoorthi Upaharasamithi
245
0
_a
Malayalam-Itha Oru Kavi
260
_b
Current Books
942
_c
BK
999
_c
30273
_d
30273